| 000 | 01119nam a2200277 i 4500 | ||
|---|---|---|---|
| 999 |
_c22962 _d22962 |
||
| 003 | AR-CdUCM | ||
| 008 | 240802b20192019sp ||||| |||| 00| 0 spa d | ||
| 020 | _a978-84-17558-89-5 | ||
| 040 |
_aMUNICIPALIDAD PROVINCIAL DEL CUSCO _cBIBLIOTECA MUNICIPAL DEL CUSCO |
||
| 041 | _hspa | ||
| 082 |
_a860.91 / W83L _bW83L |
||
| 100 |
_aWooten, Victor L. _950136 |
||
| 245 |
_aLa lección de Música : _bGuía espiritual para el crecimiento a travéz de la música / |
||
| 260 |
_aEspaña : _bAlmuzara, _c2019. |
||
| 300 |
_a221 páginas. : _c24 cm. |
||
| 505 | _aPreludio. El comienzo -- Primer compás. Groove -- Compás dos. Notas -- Compás tres. Articulación/duración -- Compás cuatro. Técnica -- Compás cinco. Emoción/sentimiento -- Compás seis. Dinámica -- Compás siete. Ritmo/Tempo -- Compás ocho. Tono -- Compás nueve. Fraseo | ||
| 650 |
_aLiteratura _950234 |
||
| 650 |
_aGroove _950137 |
||
| 650 |
_aArticulación _950138 |
||
| 650 |
_aTécnica _913122 |
||
| 650 |
_aEmoción _9954 |
||
| 650 |
_aDinámica _920090 |
||
| 650 |
_aRitmo _914100 |
||
| 942 |
_2ddc _cLIBROS |
||
| 945 |
_apbj _d2024-08-02 |
||